000 01008 a2200253 4500
005 20260406124752.0
008 260406b |||||||| |||| 00| 0 eng d
020 _a9789371127066 (hbk)
037 _cTB
040 _aCRL
_cCRL
041 _2hin
_ahin
084 _aO152,3x R5
_qCRL
100 _aदुबे, श्रीकान्त
_9860600
245 _aपूर्वज
250 _aसंस्करण 2
260 _aनयी दिल्ली, भारत:
_bवाणी प्रकाशन,
_c2025.
300 _a126पृ.
365 _b350.00
_cINR
490 _aलोकोदय ग्रंथमाला: ग्रंथांक 1119
650 _aहिन्दी कहानी
650 _aहिन्दी साहित्य
942 _cTB
_2CC
_eसंस्करण 2
_hO152,3x R5
999 _c1466674
_d1466674